书目信息 |
| 题名: |
美德二十讲
|
|
| 作者: | 蔡蓁 编 | |
| 分册: | ||
| 出版信息: | 天津 天津人民出版社 2008 |
|
| 页数: | 340页 | |
| 开本: | 23cm | |
| 丛书名: | 大家西学:二十讲系列 | |
| 单 册: | ||
| 中图分类: | B82-091 | |
| 科图分类: | ||
| 主题词: | 道德观念--研究--西方国家 | |
| 电子资源: | ||
| ISBN: | 978-7-201-05750-7 | |
| 000 | 00843oam2 2200265 450 | |
| 001 | 1260699553 | |
| 005 | 20120930165218.06 | |
| 010 | @a978-7-201-05750-7@dCNY28.00 | |
| 100 | @a20090820d2008 em y0chiy0110 ea | |
| 101 | 0 | @achi |
| 102 | @aCN@b120000 | |
| 105 | @ay z 000yy | |
| 200 | 1 | @a美德二十讲@9mei de er shi jiang@f蔡蓁编 |
| 210 | @a天津@c天津人民出版社@d2008 | |
| 215 | @a340页@d23cm | |
| 225 | 2 | @a大家西学:二十讲系列@v20 |
| 300 | @a观念读本 | |
| 308 | @a丛书第一辑 | |
| 330 | @a本书以时间为序,遴选了古希腊时期、希腊化时期、中世纪时期、现代及当代的20篇名家之作,以管中窥豹的方式展现西方历史上不同时期的美德观。 | |
| 461 | 0 | @12001 @a大家西学:二十讲系列 |
| 606 | 0 | @a道德观念@x研究@y西方国家 |
| 690 | @aB82-091@v4 | |
| 701 | 0 | @a蔡蓁@9cai qin@4编 |
| 801 | 0 | @aCN@b91MARC@c20101222 |
| 905 | @a10447@dB82-091@eJY245 | |
| 美德二十讲/蔡蓁编.-天津:天津人民出版社,2008 |
| 340页;23cm.-(大家西学:二十讲系列;20) |
| 观念读本 |
| ISBN 978-7-201-05750-7:CNY28.00 |
| 本书以时间为序,遴选了古希腊时期、希腊化时期、中世纪时期、现代及当代的20篇名家之作,以管中窥豹的方式展现西方历史上不同时期的美德观。 |
| ● |
| 相关链接 |
|
|
|
|
正题名:美德二十讲
索取号:B82-091/JY245
 
预约/预借
| 序号 | 登录号 | 条形码 | 馆藏地/架位号 | 状态 | 备注 |
| 1 | 7829886 | 278298860 | 学院路分馆/ [索取号:B82-091/JY245] | 在馆 | |
| 2 | 7829887 | 278298879 | 学院路分馆/ [索取号:B82-091/JY245] | 在馆 | |
| 3 | 7829888 | 278298888 | 学院路分馆/ [索取号:B82-091/JY245] | 在馆 |